000 01027njm a22002657a 4500
005 20100906142053.0
007 sd ammalaaahaa
008 100901t xxu||||| |||| 00| 0 hin d
028 _aN.53314
_bHis Master's Voice
028 _aOJE.16402
_bHis Master's Voice
035 _aGR-734
040 _aSED/VEN
100 _917815
_aMangeshker, Lata
245 _aAnuradha /
_cby Lata Mangeshker : music by Ravi Shanker
_h[sound recording] :
_bHindustani
246 _aअनुराधा (लता मंगेशकर)
260 _aDum Dum, India
_bHis Master's Voice
300 _a1 sound disc :
_banalog, 33 1/3 rpm
_c10 in.
500 G _aBrief record
505 _aSide-1 Jaane Kaise sapno (जाने कैसे सपनो) , Side-2 Kaise din beetey (कैसे दिन बीते) (Lata Mangeshker)
650 _aClassical music
_xExcerpts
_zIndia
_917813
700 _918219
700 _918220
942 _2ddc
_cGR
999 _c44011
_d44011